Distribución de beneficios y compensación de perdidas (Registro nro. 974)

Detalles MARC
000 -LEADER
fixed length control field 01345 a2200217 4500
001 - CONTROL NUMBER
control field 22343
005 - DATE AND TIME OF LATEST TRANSACTION
control field 20260407155513.0
008 - FIXED-LENGTH DATA ELEMENTS--GENERAL INFORMATION
fixed length control field 260407a1993 arg spa d
003 - CONTROL NUMBER IDENTIFIER
control field AR-UNSa-BCEJYS
040 ## - CATALOGING SOURCE
Original cataloging agency AR-UNSa-BCEJYS
Language of cataloging spa
Transcribing agency AR-UNSa-BCEJYS
080 ## - UNIVERSAL DECIMAL CLASSIFICATION NUMBER
Universal Decimal Classification number 657.21
Common auxiliary subdivision Cuentas: definiciones, débito, crédito. Ingresos y gastos
020 ## - INTERNATIONAL STANDARD BOOK NUMBER
International Standard Book Number 84-476-0067-X
100 1# - MAIN ENTRY--PERSONAL NAME
Personal name Gallizo Larraz, José Luis
245 10 - TITLE STATEMENT
Title Distribución de beneficios y compensación de perdidas
Name of part/section of a work problemática contable e importancia en auditoría
264 #1 - PRODUCTION, PUBLICATION, DISTRIBUTION, MANUFACTURE, AND COPYRIGHT NOTICE
Place of production, publication, distribution, manufacture Madrid :
Name of producer, publisher, distributor, manufacturer Ministerio de Economía y Hacienda
Date of production, publication, distribution, manufacture, or copyright notice 1993
300 ## - PHYSICAL DESCRIPTION
Extent 104 p.
Dimensions 24 cm.
505 ## - FORMATTED CONTENTS NOTE
Formatted contents note 1. Introducción - 2. El estado propuesta de distribución de beneficios - 3. Base de reparto de la propuesta - 4. Distribución del beneficio entre los socios - 5. Dotaciones a reservas - 6. Orden de prelación y registro contable de la distribución del beneficio - 7. Compensación de perdidas - 8. Caso práctico 1. Presentación del estado propuesta de distribución - 9. Caso práctico 2. Contabilización del reparto de beneficios - 10. Resumen y conclusiones - 11. Biografía citada.
590 ## - LOCAL NOTE (RLIN)
Local note niveau_biblio:m niveau_hierar:0
856 41 - ELECTRONIC LOCATION AND ACCESS
Uniform Resource Identifier <a href="https://biblioeco.unsa.edu.ar/pmb/images/libros/Distribucion de Beneficios y Compensacion de Perdidas-l119511.jpg">https://biblioeco.unsa.edu.ar/pmb/images/libros/Distribucion de Beneficios y Compensacion de Perdidas-l119511.jpg</a>
Link text Imagen de portada
Electronic format type image/jpeg
942 ## - ADDED ENTRY ELEMENTS (KOHA)
Koha item type
Existencias
Withdrawn status Lost status Damaged status Not for loan Home library Current library Shelving location Date acquired Total checkouts Full call number Barcode Date last seen Price effective from Koha item type
        Biblioteca Prof. Eusebio Cleto del Rey Biblioteca Prof. Eusebio Cleto del Rey   07/04/2026   P657 G168 L119511 07/04/2026 07/04/2026 Libro